000 00960cam a22002175a 4500
001 L137691
008 070424s2007 xxko f 000 0 eng d
020 _a9781860819506
035 _a(Sirsi) u137691
041 0 _aeng
050 0 4 _a614.83 $2 18
100 1 _aHadi, Mindy
245 0 0 _aWorking with local businesses and residents
260 _aWatford
_bBRE
_c2007
300 _a8p.
_bill.
_c30cm.
490 0 _aBRE Good Building Guide
_v71
520 _aStates that the impact of large construction projects on the lives of local residents and businesses may be mitigated by planning, communication and consideration from construction companies. Sets out a communications strategy to keep the local community informed, outlines how to deal with complaints and lists a range of good practice measures covering areas such as noise, dust and traffic management.
651 4 _aUnited Kingdom
_y
690 _aPlanning and development
_96259
942 _n0
999 _c106872
_d106872